أمثلة و تطبيقات في المعالجات التحكمية / (رقم التسجيلة. 66544)
[ عرض عادي ]
| 000 -الفاتح | |
|---|---|
| عناصر البيانات ثابتة الطول | 00716cam a22001937i 4500 |
| 005 - تاريخ ووقت آخر معاملة | |
| حقل ضبط | 20251108171937.0 |
| 008 - عناصر البيانات ثابتة الطول | |
| عناصر البيانات ثابتة الطول | 250721s2001 sy a gr 000 0 ara d |
| 082 14 - رقم تصنيف ديوي العشري | |
| رقم التصنيف | 004.3 |
| رقم المادة | ع ب و |
| 100 1# - مدخل رئيسي – اسم شخصي | |
| الاسم الشخصي | عبود، عامر |
| علاقة الشخص بالعمل/ دوره | مؤلف. |
| 245 10 - بيان العنوان | |
| العنوان | أمثلة و تطبيقات في المعالجات التحكمية / |
| بيان المسؤولية | المهندس عامر عبود. |
| 250 ## - بيان الطبعة | |
| بيان الطبعة | الطبعة الأولى. |
| 264 1# - بيانات النشر، التوزيع…إلخ | |
| مكان النشر، التوزيع...إلخ | دمشق : |
| اسم الناشر، الموزع...إلخ | دار الرضا للنشر، |
| تاريخ النشر، التوزيع...إلخ | 2001. |
| 300 ## - الوصف المادي | |
| عدد الوحدات المكونة للوعاء | جزء 2. |
| 490 1# - بيان السلسلة | |
| عنوان السلسلة | سلسلة الرضا للبرامج و التطبيقات الهندسية / |
| رقم الوعاء في السلسلة | 151. |
| 650 17 - مدخل إضافي بالموضوع - مصطلح موضوعي | |
| مصطلح موضوعي أو اسم جغرافي كعنصر مدخل | المعالجات التحكمية. |
| 650 17 - مدخل إضافي بالموضوع - مصطلح موضوعي | |
| مصطلح موضوعي أو اسم جغرافي كعنصر مدخل | الحواسيب. |
| 942 ## - بيانات إضافية (كوها) | |
| نوع التنصيف | Dewey Decimal Classification |
| نوع المادة (كوها) | كتب |
| حالة السحب | حالة الفقدان | مصدر التصنيف | حالة التلف | غير قابل للإعارة | المكتبة الرئيسية | المكتبة الحالية | موقع الرف | تاريخ التزويد | الرقم المتسلسل | Total Checkouts | رقم الإستدعاء | تاريخ آخر ظهور | تاريخ الفاتورة | نوع المادة (كوها) | الباركود |
|---|---|---|---|---|---|---|---|---|---|---|---|---|---|---|---|
| Dewey Decimal Classification | Unchecked | المكتبة المركزية | المكتبة المركزية | الإعارة | 06/07/2004 | 532913 | 004.3/عبو | 28/07/2025 | 06/07/2004 | كتب | |||||
| Dewey Decimal Classification | المكتبة المركزية | المكتبة المركزية | الإعارة | 06/07/2004 | 608411 | 004.3/عبو | 28/07/2025 | 06/07/2004 | كتب | 608411 | |||||
| Dewey Decimal Classification | مكتبة أبو علندا العامة | مكتبة أبو علندا العامة | الإعارة | 06/07/2004 | 532923 | 004.3/عبو | 28/07/2025 | 06/07/2004 | كتب | 532923 | |||||
| Dewey Decimal Classification | Unchecked | مكتبة الأميرة ايمان العامة | مكتبة الأميرة ايمان العامة | الإعارة | 28/07/2025 | 608145 | 004.3/عبو | 28/07/2025 | 28/07/2025 | كتب | |||||
| Dewey Decimal Classification | Unchecked | مكتبة الجويدة | مكتبة الجويدة | الإعارة | 28/07/2025 | 504992 | 004.3/عبو | 28/07/2025 | 28/07/2025 | كتب | |||||
| Dewey Decimal Classification | Unchecked | مكتبة الجويدة | مكتبة الجويدة | الإعارة | 28/07/2025 | 608419 | 004.3/عبو | 28/07/2025 | 28/07/2025 | كتب | |||||
| Dewey Decimal Classification | مكتبة الجويدة | مكتبة الجويدة | الإعارة | 28/07/2025 | 532918 | 004.3/عبو | 28/07/2025 | 28/07/2025 | كتب | 532918 | |||||
| Dewey Decimal Classification | مكتبة النصر العامة | مكتبة النصر العامة | الإعارة | 28/07/2025 | 532925 | 004.3/عبو | 28/07/2025 | 28/07/2025 | كتب | 532925 | |||||
| Dewey Decimal Classification | مكتبة النصر العامة | مكتبة النصر العامة | الإعارة | 01/10/2014 | 439454 | 004.3/عبو | 28/07/2025 | 01/10/2014 | كتب | PLD00308074 | |||||
| Dewey Decimal Classification | مكتبة حمزة العامة | مكتبة حمزة العامة | الإعارة | 06/07/2004 | 532920 | 004.3/عبو | 28/07/2025 | 06/07/2004 | كتب | 532920 | |||||
| Dewey Decimal Classification | مكتبة حمزة العامة | مكتبة حمزة العامة | الإعارة | 28/07/2025 | 608421 | 004.3/عبو | 28/07/2025 | 28/07/2025 | كتب | 608421 | |||||
| Dewey Decimal Classification | مكتبة صويلح العامة | مكتبة صويلح العامة | الإعارة | 06/07/2004 | 608416 | 004.3/عبو | 28/07/2025 | 06/07/2004 | كتب | 608416 | |||||
| Dewey Decimal Classification | Unchecked | مكتبة صويلح العامة | مكتبة صويلح العامة | الإعارة | 06/07/2004 | 532915 | 004.3/عبو | 28/07/2025 | 06/07/2004 | كتب |